معجم اللغة العربية المعاصرة عربي - إنجليزي / (رقم التسجيلة. 59919)
[ عرض عادي ]
| 000 -LEADER | |
|---|---|
| fixed length control field | 00594nam a22001937a 4500 |
| 005 - DATE AND TIME OF LATEST TRANSACTION | |
| control field | 20251108171229.0 |
| 008 - FIXED-LENGTH DATA ELEMENTS--GENERAL INFORMATION | |
| fixed length control field | 250721s1974 xx 000 0 ara d |
| 082 14 - DEWEY DECIMAL CLASSIFICATION NUMBER | |
| Classification number | R/413.1/WEH |
| 100 1# - MAIN ENTRY--PERSONAL NAME | |
| Personal name | فير، هانز |
| 245 10 - TITLE STATEMENT | |
| Title | معجم اللغة العربية المعاصرة عربي - إنجليزي / |
| 250 ## - EDITION STATEMENT | |
| Edition statement | ط3 |
| 264 1# - PRODUCTION, PUBLICATION, DISTRIBUTION, MANUFACTURE, AND COPYRIGHT NOTICE | |
| Place of production, publication, distribution, manufacture | LONDON : |
| Name of producer, publisher, distributor, manufacturer | مكدونالد وايفانس ليمتد، |
| Date of production, publication, distribution, manufacture, or copyright notice | 1974. |
| 300 ## - PHYSICAL DESCRIPTION | |
| Extent | 1110ص. |
| 650 17 - SUBJECT ADDED ENTRY--TOPICAL TERM | |
| Topical term or geographic name as entry element | اللغة العربية |
| 650 17 - SUBJECT ADDED ENTRY--TOPICAL TERM | |
| Topical term or geographic name as entry element | المعاجم |
| 700 1# - ADDED ENTRY--PERSONAL NAME | |
| Personal name | كوان، ج ميلتون |
| Relator term | تحرير |
| 942 ## - ADDED ENTRY ELEMENTS (KOHA) | |
| Source of classification or shelving scheme | Dewey Decimal Classification |
| Koha item type | مراجع |
| حالة السحب | حالة الفقدان | مصدر التصنيف | حالة التلف | غير قابل للإعارة | المكتبة الرئيسية | المكتبة الحالية | موقع الرف | تاريخ التزويد | الرقم المتسلسل | Total Checkouts | رقم الإستدعاء | الباركود | تاريخ آخر ظهور | تاريخ الفاتورة | نوع المادة (كوها) |
|---|---|---|---|---|---|---|---|---|---|---|---|---|---|---|---|
| Dewey Decimal Classification | Not For Loan | مكتبة أم قصير والمقابلين العامة | مكتبة أم قصير والمقابلين العامة | مراجع | 12/11/2014 | [ 3716 ] | R/413.1/WEH | PLD00361255 | 28/07/2025 | 12/11/2014 | مراجع | ||||
| Dewey Decimal Classification | Not For Loan | مكتبة حمزة العامة | مكتبة حمزة العامة | مراجع | 06/07/2004 | 646 | R/413.1/WEH | DUP-05_646 | 28/07/2025 | 06/07/2004 | مراجع |